000 00662naa a2200229 i 4500
001 26434
003 ES-MaBCM
005 20241016094712.0
008 931026s1993 ita 000 0 ita d
021 _axx
035 _a(OCoLC)1365255780
040 _cES-MaBCM
041 0 _aita
043 _aita
100 1 _aMontalto, Cosimo Ninny
_931922
245 1 2 _aL'elezione diretta del sindaco
_cCosimo Ninny Montalto
650 2 7 _aAlcalde
_957501
650 2 7 _aElecciones locales
_958502
651 2 4 _aItalia
_9115380
773 0 _aEn:
_tL'amministrazione italiana
_dEmpoli : 1993
_w104227
_ganno XLVIII, n. 9, sett., p. 1319-1325.- Loc. S.52
942 _cAREV
999 _c26434
_d26434